[Event "Wattenscheid 2- Münster 3"]
[Site "?"]
[Date "2022.09.18"]
[Round "1.6"]
[White "Klueting, Reiner"]
[Black "Meyer, Ulrich"]
[Result "1-0"]
[WhiteElo "1902"]
[BlackElo "1868"]
[PlyCount "47"]
[SourceVersionDate "2023.06.22"]

1. e4 c5 2. Nf3 Nc6 3. Bb5 e6 4. Bxc6 bxc6 5. O-O Nf6 6. Nc3 d5 7. d3 Be7 8.
Re1 O-O 9. e5 Nd7 10. Na4 Qa5 11. b3 Nb6 12. Bd2 Qa6 13. Nb2 c4 14. Qe2 Rb8 15.
dxc4 Ba3 16. Nd3 dxc4 17. Nb4 Qb7 18. bxc4 a5 19. Nd3 Nxc4 20. Bc3 Qa6 21. Rab1
Bd7 22. Nf4 Ra8 23. Qd3 Bc8 24. Ng5 1-0

[Event "Wattenscheid 2- Münster 3"]
[Site "?"]
[Date "2022.09.18"]
[Round "1.7"]
[White "Ollech, Dirk"]
[Black "Kraus, Tanja"]
[Result "1/2-1/2"]
[WhiteElo "1916"]
[BlackElo "1802"]
[PlyCount "26"]
[SourceVersionDate "2023.06.22"]

1. c4 c5 2. g3 Nc6 3. Bg2 g6 4. Nc3 Bg7 5. Nf3 d6 6. O-O Bd7 7. e3 Nh6 8. a3
O-O 9. Rb1 Qc8 10. Re1 Bh3 11. Bh1 Bg4 12. Qc2 Rb8 13. d3 Qd7 1/2-1/2

[Event "Kleve- Horst Emscher"]
[Site "?"]
[Date "2022.09.18"]
[Round "1.1"]
[White "Baerwolf, Steven"]
[Black "Verfuerth, Kevin"]
[Result "1-0"]
[WhiteElo "2209"]
[BlackElo "1992"]
[PlyCount "51"]
[SourceVersionDate "2023.06.22"]

1. e4 c5 2. a3 Nc6 3. b4 cxb4 4. axb4 Nxb4 5. c3 Nc6 6. d4 d5 7. exd5 Qxd5 8.
Na3 e5 9. Nb5 Bd6 10. Bc4 Qe4+ 11. Ne2 Bb8 12. Qb3 Qg6 13. O-O Nf6 14. d5 Ne7
15. Ba3 Nf5 16. Rfe1 e4 17. Ng3 e3 18. Nxf5 Bxf5 19. Qb4 Kd8 20. Qe7+ Kc8 21.
Rxe3 Bd7 22. Qc5+ Kd8 23. Bb4 b6 24. Qe7+ Kc8 25. Nd6+ Kc7 26. Nxf7 1-0

[Event "Kleve- Horst Emscher"]
[Site "?"]
[Date "2022.09.18"]
[Round "1.2"]
[White "Wiegersma, Justus"]
[Black "Rebentisch, Tom"]
[Result "0-1"]
[WhiteElo "1965"]
[BlackElo "2170"]
[PlyCount "52"]
[SourceVersionDate "2023.06.22"]

1. c4 e6 2. Nf3 d5 3. e3 Nf6 4. Nc3 Be7 5. b3 O-O 6. Bb2 b6 7. d4 Bb7 8. Bd3
dxc4 9. Bxc4 c5 10. O-O Nbd7 11. Qe2 a6 12. a4 cxd4 13. exd4 Bb4 14. Ne5 Qe7
15. Rfd1 Bxc3 16. Bxc3 Nd5 17. Bd2 Rfd8 18. Rac1 N7f6 19. h4 h6 20. g4 Nh7 21.
g5 hxg5 22. hxg5 Nxg5 23. Qg4 Nh7 24. Bh6 Qf6 25. Bd2 Qf5 26. Qh4 Ndf6 0-1

[Event "Kleve- Horst Emscher"]
[Site "?"]
[Date "2022.09.18"]
[Round "1.3"]
[White "De Roda Husman, Juan"]
[Black "Van Kuijk, Vadim"]
[Result "1-0"]
[WhiteElo "2286"]
[BlackElo "1939"]
[PlyCount "75"]
[SourceVersionDate "2023.06.22"]

1. e4 c6 2. d4 d5 3. Nd2 dxe4 4. Nxe4 Nf6 5. Nxf6+ exf6 6. c3 Bd6 7. Bd3 O-O 8.
Qc2 Re8+ 9. Ne2 h5 10. Be3 Nd7 11. O-O-O Nf8 12. Kb1 Be6 13. c4 b5 14. d5 cxd5
15. cxd5 Rc8 16. Qb3 Bg4 17. Rc1 Nd7 18. Rxc8 Qxc8 19. Rc1 Nc5 20. Bxc5 Bxc5
21. Qxb5 Bf5 22. Bxf5 Qxf5+ 23. Ka1 Qe5 24. Qxc5 Qxe2 25. a3 Qd2 26. Rc4 Rd8
27. Rd4 Qe1+ 28. Ka2 Qxf2 29. d6 Rb8 30. Qc3 Qxg2 31. d7 Qa8 32. Qc7 Rd8 33.
Rd6 Kf8 34. Rc6 a5 35. Qd6+ Kg8 36. Qc7 Kf8 37. Qc8 Ke7 38. Qxa8 1-0

[Event "Kleve- Horst Emscher"]
[Site "?"]
[Date "2022.09.18"]
[Round "1.5"]
[White "Radulovic, Drazen"]
[Black "Krebbers, Wilfried"]
[Result "1-0"]
[WhiteElo "2184"]
[BlackElo "2062"]
[PlyCount "83"]
[SourceVersionDate "2023.06.22"]

1. e4 Nf6 2. e5 Nd5 3. d4 d6 4. c4 Nb6 5. exd6 cxd6 6. Nc3 g6 7. Be3 Bg7 8. Rc1
O-O 9. b3 Bf5 10. Be2 Nc6 11. Nf3 d5 12. c5 Nc8 13. h3 Be4 14. O-O Bxf3 15.
Bxf3 e6 16. Qd2 N8e7 17. Ne2 Nf5 18. g4 Nxe3 19. fxe3 Qg5 20. b4 h5 21. b5 hxg4
22. hxg4 Ne7 23. Nf4 Nf5 24. Rce1 Nh4 25. Bd1 e5 26. dxe5 Bxe5 27. Nh3 Qd8 28.
Bb3 Qd7 29. Qe2 Kg7 30. Nf4 d4 31. Nd3 Bf6 32. Rxf6 Kxf6 33. Qf2+ Kg7 34. Qxh4
dxe3 35. Rxe3 Rae8 36. Rf3 Qd4+ 37. Kg2 Re2+ 38. Nf2 Qe5 39. g5 Rxf2+ 40. Kxf2
Qxc5+ 41. Kg2 Qd6 42. Qf4 1-0

[Event "Kleve- Horst Emscher"]
[Site "?"]
[Date "2022.09.18"]
[Round "1.6"]
[White "Verfuerth, Thomas"]
[Black "de Mie, Mariska"]
[Result "0-1"]
[WhiteElo "2060"]
[BlackElo "2080"]
[PlyCount "74"]
[SourceVersionDate "2023.06.22"]

1. c4 g6 2. Nc3 Bg7 3. e4 d6 4. g3 Nc6 5. Bg2 e5 6. Nge2 Nge7 7. O-O Be6 8. d3
Qd7 9. Nd5 O-O 10. Be3 f5 11. Qd2 Nd8 12. Bg5 Nc8 13. Rac1 c6 14. Ndc3 Nf7 15.
Be3 Ne7 16. f4 Rfd8 17. Rfd1 Qe8 18. Qc2 fxe4 19. Nxe4 d5 20. Nc5 Bc8 21. fxe5
Nxe5 22. Re1 b6 23. Nb3 dxc4 24. dxc4 Bf5 25. Be4 Nf3+ 26. Bxf3 Bxc2 27. Rxc2
Nf5 28. Bf2 Rd6 29. Nf4 Qd7 30. c5 bxc5 31. Nxc5 Qf7 32. Ne4 Rdd8 33. Ng5 Qxa2
34. Bxc6 Nd4 35. Bxa8 Nxc2 36. Re2 Rxa8 37. Rxc2 Qb1+ 0-1

[Event "Kleve- Horst Emscher"]
[Site "?"]
[Date "2022.09.18"]
[Round "1.7"]
[White "Becker, Marco"]
[Black "Brandt, Thorsten"]
[Result "1/2-1/2"]
[WhiteElo "1937"]
[BlackElo "1905"]
[PlyCount "59"]
[SourceVersionDate "2023.06.22"]

1. e4 e6 2. d4 d5 3. Nd2 c5 4. c3 Nc6 5. exd5 exd5 6. Bb5 cxd4 7. cxd4 Bd6 8.
Ne2 Qb6 9. Qb3 Nge7 10. O-O O-O 11. Bd3 Nxd4 12. Nxd4 Qxd4 13. Nf3 Qb4 14. Qc2
h6 15. Bd2 Qc5 16. Qa4 Qc6 17. Bb5 Qc7 18. Rac1 Qb8 19. h3 Bf5 20. Bc3 Be6 21.
Rfe1 a6 22. Bd3 Nc6 23. Qh4 Re8 24. g4 Bf4 25. g5 Bxc1 26. Rxc1 Qd8 27. Bxg7
Kxg7 28. Qxh6+ Kg8 29. Bh7+ Kh8 30. Bg6+ 1/2-1/2

[Event "Kleve- Horst Emscher"]
[Site "?"]
[Date "2022.09.18"]
[Round "1.8"]
[White "van der Velden, Alain"]
[Black "Arndt, Olaf"]
[Result "1/2-1/2"]
[WhiteElo "1704"]
[BlackElo "1930"]
[PlyCount "39"]
[SourceVersionDate "2023.06.22"]

1. d4 f5 2. Bg5 g6 3. Nc3 d5 4. f3 Nf6 5. e4 dxe4 6. Bc4 Nc6 7. d5 Ne5 8. Bb3
Nf7 9. Bxf6 exf6 10. fxe4 Nd6 11. Qe2 fxe4 12. Nxe4 Nxe4 13. Qxe4+ Qe7 14. Ba4+
Bd7 15. Qxe7+ Bxe7 16. Bxd7+ Kxd7 17. O-O-O Rhe8 18. Nf3 Bc5 19. Nd4 Bxd4 20.
Rxd4 1/2-1/2

[Event "Hemer- Iserlohn"]
[Site "?"]
[Date "2022.09.18"]
[Round "1.1"]
[White "Scheider, Julian"]
[Black "Runte, Moritz"]
[Result "1/2-1/2"]
[WhiteElo "2346"]
[BlackElo "2185"]
[PlyCount "110"]
[SourceVersionDate "2023.06.22"]

1. e4 c5 2. Nf3 d6 3. d4 cxd4 4. Nxd4 Nf6 5. Nc3 a6 6. Be3 e5 7. Nb3 Be7 8. f3
Be6 9. Qd2 h5 10. Nd5 Nxd5 11. exd5 Bf5 12. Be2 Nd7 13. Na5 Qc8 14. c4 Bd8 15.
O-O O-O 16. Rac1 Nc5 17. Qc3 Bd7 18. Qa3 Na4 19. Nb3 Be7 20. Nd2 a5 21. Ne4 b6
22. Nxd6 Qb8 23. c5 bxc5 24. Nc4 Bb5 25. b3 Nb6 26. Bxc5 Bxc4 27. bxc4 Bxc5+
28. Qxc5 Rc8 29. Qb5 Qa7 30. Kh1 Rab8 31. d6 Nd7 32. Qd5 Qe3 33. Rc2 Rc5 34.
Qd1 Nf6 35. Re1 e4 36. Bf1 Qf4 37. Qd4 Re5 38. c5 Rd5 39. Qf2 Re8 40. fxe4 Qxf2
41. Rxf2 Rxc5 42. Rd2 Rce5 43. Rd4 Rd8 44. a4 Ne8 45. Red1 Nf6 46. Bd3 Re6 47.
Bc2 Ne8 48. d7 Nf6 49. Kg1 Kf8 50. Rb1 Rxd7 51. Rxd7 Nxd7 52. Rb7 Rc6 53. Rxd7
Rxc2 54. Rd5 Rc4 55. Rxa5 Rxe4 1/2-1/2

[Event "Hemer- Iserlohn"]
[Site "?"]
[Date "2022.09.18"]
[Round "1.2"]
[White "Schmuecker, Markus"]
[Black "Eckardt, Joshua"]
[Result "1/2-1/2"]
[WhiteElo "2236"]
[BlackElo "2270"]
[PlyCount "30"]
[SourceVersionDate "2023.06.22"]

1. d4 Nf6 2. c4 g6 3. Nc3 d5 4. cxd5 Nxd5 5. e4 Nxc3 6. bxc3 Bg7 7. Be3 c5 8.
Rc1 Qa5 9. Qd2 cxd4 10. cxd4 Qxd2+ 11. Bxd2 O-O 12. Nf3 e6 13. h4 Nc6 14. e5
Rd8 15. Bg5 Re8 1/2-1/2

[Event "Hemer- Iserlohn"]
[Site "?"]
[Date "2022.09.18"]
[Round "1.4"]
[White "Leonard, Timo"]
[Black "Klauke, Stephan"]
[Result "1-0"]
[WhiteElo "2067"]
[BlackElo "2110"]
[PlyCount "97"]
[SourceVersionDate "2023.06.22"]

1. d4 d5 2. c4 Nc6 3. Nf3 Bg4 4. Nc3 e6 5. cxd5 exd5 6. Bg5 Be7 7. Bxe7 Ngxe7
8. e3 O-O 9. Bd3 h6 10. O-O a6 11. h3 Bh5 12. g4 Bg6 13. Bxg6 fxg6 14. Ne5 Nxe5
15. dxe5 c6 16. Qd4 b5 17. Rad1 Qc7 18. f4 Rad8 19. b4 Nc8 20. Qc5 Qb6 21. Ne2
Qxc5 22. bxc5 Ne7 23. Nd4 Rb8 24. Rd2 Rf7 25. f5 gxf5 26. gxf5 Rbf8 27. Rdf2
Kh7 28. Kh2 Rc8 29. Rg2 Rcf8 30. Rgf2 Rc8 31. h4 Ng8 32. h5 Re7 33. Ne6 Rce8
34. Rg2 Rf7 35. Rgf2 Rfe7 36. Rg2 Rf7 37. Rg6 Ne7 38. Nd4 Ref8 39. Ne6 Re8 40.
Nd4 Ref8 41. e6 Rf6 42. Rxf6 Rxf6 43. Kg3 Rf8 44. Kf4 Ng8 45. Ke5 Nf6 46. Kd6
Nxh5 47. e7 Re8 48. Nxc6 Nf6 49. Ne5 1-0

[Event "Hemer- Iserlohn"]
[Site "?"]
[Date "2022.09.18"]
[Round "1.5"]
[White "Franz, Christian"]
[Black "Stoering, Marc"]
[Result "1/2-1/2"]
[WhiteElo "2051"]
[BlackElo "1943"]
[PlyCount "68"]
[SourceVersionDate "2023.06.22"]

1. c4 e6 2. Nc3 d5 3. cxd5 exd5 4. d4 c6 5. Nf3 Bf5 6. e3 Nf6 7. Bd3 Bxd3 8.
Qxd3 Bd6 9. O-O O-O 10. e4 dxe4 11. Nxe4 Nxe4 12. Qxe4 Re8 13. Qc2 Nd7 14. Bg5
Qc7 15. Qf5 Nf8 16. Be3 Qd7 17. Qd3 Rad8 18. g3 Ng6 19. Kg2 Ne7 20. Bg5 Qe6 21.
b3 f6 22. Bd2 Qd5 23. Rfe1 Bc5 24. Bc3 Nf5 25. Rxe8+ Rxe8 26. Qc4 Bb6 27. Qxd5+
cxd5 28. g4 Nd6 29. Rd1 Nb5 30. Ba1 Re2 31. a4 Nd6 32. Rd2 Re4 33. h3 Ba5 34.
Rc2 Bb6 1/2-1/2

[Event "Hemer- Iserlohn"]
[Site "?"]
[Date "2022.09.18"]
[Round "1.6"]
[White "Glatzel, Jonas"]
[Black "Trinh, Fabian"]
[Result "1/2-1/2"]
[WhiteElo "2017"]
[BlackElo "1848"]
[PlyCount "48"]
[SourceVersionDate "2023.06.22"]

1. d4 Nf6 2. Bf4 g6 3. Nc3 Bg7 4. e4 d6 5. Qd2 h6 6. O-O-O Nc6 7. h4 Ng4 8. d5
e5 9. Bg3 Nd4 10. f3 Nf6 11. Nge2 Nxe2+ 12. Bxe2 Qe7 13. Bf2 O-O 14. Be3 Kh7
15. g4 Ne8 16. g5 h5 17. Bf1 c5 18. Kb1 Nc7 19. Nb5 Nxb5 20. Bxb5 a6 21. Bf1 b5
22. c4 Rb8 23. Rc1 Bd7 24. Bh3 b4 1/2-1/2

[Event "Hemer- Iserlohn"]
[Site "?"]
[Date "2022.09.18"]
[Round "1.7"]
[White "Lueck, Kai"]
[Black "Mai, Artur"]
[Result "1-0"]
[WhiteElo "2099"]
[BlackElo "1709"]
[PlyCount "83"]
[SourceVersionDate "2023.06.22"]

1. d4 d5 2. Nf3 Nf6 3. c4 e6 4. Nc3 a6 5. cxd5 exd5 6. Bg5 Be6 7. e3 Nbd7 8.
Bd3 Bd6 9. O-O c6 10. Rb1 O-O 11. Qc2 h6 12. Bh4 Qc7 13. Ne2 Bg4 14. Bg3 Bxf3
15. gxf3 Rfe8 16. Rfc1 Rac8 17. b4 b5 18. a4 Nh5 19. Kg2 Nxg3 20. hxg3 Nb6 21.
Bh7+ Kf8 22. Bf5 Nc4 23. Bxc8 Qxc8 24. Qh7 bxa4 25. Qh8+ Ke7 26. Qxg7 Rg8 27.
Qxh6 Qf5 28. Rxc4 dxc4 29. e4 Qd7 30. e5 Bc7 31. Qf6+ Ke8 32. Rc1 Bd8 33. Qh6
Bg5 34. Qh7 Rg6 35. f4 Qd5+ 36. f3 Bh6 37. f5 Rxg3+ 38. Kxg3 Bxc1 39. Qh8+ Ke7
40. Qf6+ Ke8 41. Nxc1 Qxd4 42. Qxc6+ 1-0

[Event "Hemer- Iserlohn"]
[Site "?"]
[Date "2022.09.18"]
[Round "1.8"]
[White "Zuleger, Detlef"]
[Black "Schulte- Braeucker, Horst"]
[Result "1-0"]
[WhiteElo "1831"]
[BlackElo "2047"]
[PlyCount "81"]
[SourceVersionDate "2023.06.22"]

1. e4 d6 2. d4 g6 3. c3 Bg7 4. Bd3 Nc6 5. Ne2 e5 6. Be3 Nf6 7. h3 O-O 8. O-O
Qe8 9. Nd2 d5 10. Qc2 a6 11. Rae1 dxe4 12. Nxe4 Nd5 13. Bc1 f5 14. Bc4 Nce7 15.
Ng5 Qc6 16. Bb3 Kh8 17. c4 Nb6 18. d5 Qf6 19. f4 e4 20. Ne6 Bxe6 21. dxe6 c5
22. Be3 Rfc8 23. Nc3 Qxe6 24. Qf2 Qc6 25. Rd1 Bxc3 26. bxc3 a5 27. Qh4 Ng8 28.
g4 a4 29. Bc2 Nxc4 30. Bc1 b5 31. Kh2 Qf6 32. g5 Qxc3 33. Rd7 h5 34. gxh6 Qxc2+
35. Rf2 Nb6 36. Rxc2 Nxd7 37. h7 Ngf6 38. Qh6 Nf8 39. Bb2 Ra6 40. Rd2 N8xh7 41.
Rd7 1-0

[Event "Porta- Herford"]
[Site "?"]
[Date "2022.09.18"]
[Round "1.1"]
[White "Peist, Juergen"]
[Black "Liebelt, Jannik"]
[Result "1-0"]
[WhiteElo "2269"]
[BlackElo "2132"]
[PlyCount "147"]
[SourceVersionDate "2023.06.22"]

1. d4 Nf6 2. c4 c5 3. Nf3 cxd4 4. Nxd4 e5 5. Nb5 d5 6. cxd5 Bc5 7. N5c3 O-O 8.
g3 Qb6 9. e3 Bf5 10. Bg2 Nbd7 11. O-O e4 12. Nd2 Rfe8 13. Nc4 Qa6 14. Qb3 Bf8
15. Qb5 Qxb5 16. Nxb5 Nxd5 17. Nbd6 b5 18. Nxb5 Bg6 19. Rd1 N7f6 20. Bd2 a6 21.
Nd4 Nb4 22. Bxb4 Bxb4 23. Nc6 Bc5 24. Rac1 Bh5 25. Rd2 Rac8 26. N4e5 Bf8 27.
Bh3 Rc7 28. Rcc2 Bd1 29. Rc4 Bf3 30. Nxf3 exf3 31. Rdc2 g5 32. Bf5 h5 33. h3
Kg7 34. g4 hxg4 35. hxg4 Bd6 36. Nd4 Rxc4 37. Rxc4 Rh8 38. Nxf3 Rb8 39. Nxg5
Rxb2 40. Rc6 Be7 41. Rxa6 Nxg4 42. Ne4 Nh6 43. Bd7 Bh4 44. Kg2 f5 45. Ng3 Bxg3
46. Kxg3 Ng4 47. Bxf5 Nxf2 48. Kf4 Rb4+ 49. Kg5 Ne4+ 50. Bxe4 Rxe4 51. Ra7+ Kf8
52. Ra3 Ke7 53. Kf5 Rh4 54. Ra6 Rh5+ 55. Kf4 Rh4+ 56. Ke5 Rh5+ 57. Kd4 Rh4+ 58.
e4 Rh5 59. a4 Kd7 60. Ra8 Kc6 61. Rc8+ Kd6 62. Rd8+ Kc6 63. Rd5 Rh1 64. Rc5+
Kd6 65. e5+ Kd7 66. Kc4 Rb1 67. a5 Rb2 68. a6 Ra2 69. Kb5 Rb2+ 70. Ka5 Ra2+ 71.
Kb6 Rb2+ 72. Rb5 Ra2 73. a7 Ra1 74. Kb7 1-0

[Event "Porta- Herford"]
[Site "?"]
[Date "2022.09.18"]
[Round "1.2"]
[White "Adyaman, Rene"]
[Black "Loemker, Michael"]
[Result "1-0"]
[WhiteElo "2084"]
[BlackElo "2097"]
[PlyCount "91"]
[SourceVersionDate "2023.06.22"]

1. e4 g6 2. d4 Bg7 3. Nc3 d6 4. Be3 c6 5. Qd2 b5 6. a4 b4 7. Nd1 Nf6 8. f3 Qa5
9. c3 bxc3 10. bxc3 h5 11. h4 Nbd7 12. Ne2 Ba6 13. Nc1 Bxf1 14. Rxf1 O-O 15.
Kf2 e5 16. Nb3 Qc7 17. Kg1 d5 18. Nf2 Rfe8 19. Rac1 Rab8 20. Qc2 Bf8 21. c4
dxe4 22. fxe4 exd4 23. Nxd4 Ne5 24. c5 Bg7 25. Nh3 Nh7 26. Bf4 Rb4 27. Rcd1 Qb7
28. Rb1 Rxb1 29. Rxb1 Qd7 30. Rd1 Qb7 31. Rb1 Qa6 32. Nf3 Nxf3+ 33. gxf3 Bf6
34. Ng5 Nxg5 35. hxg5 Bg7 36. Bd6 Bf8 37. e5 Qc8 38. Rb8 Qe6 39. Qb3 Qxb3 40.
Rxb3 f6 41. gxf6 Kf7 42. Rb7+ Ke6 43. Bxf8 Rxf8 44. Re7+ Kd5 45. f7 Kxc5 46. e6
1-0

[Event "Porta- Herford"]
[Site "?"]
[Date "2022.09.18"]
[Round "1.3"]
[White "Quelle, Helmut"]
[Black "Kirnos, Evgeni"]
[Result "1/2-1/2"]
[WhiteElo "2114"]
[BlackElo "2214"]
[PlyCount "65"]
[SourceVersionDate "2023.06.22"]

1. Nf3 d5 2. g3 Bg4 3. Bg2 Nd7 4. c4 e6 5. Qa4 Ngf6 6. Nc3 c6 7. cxd5 exd5 8.
O-O Be7 9. d4 O-O 10. Ne5 Bf5 11. h3 h6 12. g4 Bh7 13. Bf4 Re8 14. Rfd1 Nxe5
15. dxe5 Nd7 16. e4 Nc5 17. Qc2 Qc8 18. Bg3 h5 19. Qe2 hxg4 20. hxg4 Nxe4 21.
Nxe4 Bxe4 22. Bxe4 dxe4 23. Rd4 Qe6 24. Rxe4 Rad8 25. f4 Rd5 26. f5 Bc5+ 27.
Kg2 Qd7 28. Bf4 Rd3 29. Rc1 Bb6 30. Rc3 Rd1 31. Rc1 Rd3 32. Rc3 Rd1 33. Rc1
1/2-1/2

[Event "Porta- Herford"]
[Site "?"]
[Date "2022.09.18"]
[Round "1.4"]
[White "Friesen, Viktor"]
[Black "Hanisch, Bernd"]
[Result "1-0"]
[WhiteElo "2163"]
[BlackElo "2060"]
[PlyCount "76"]
[SourceVersionDate "2023.06.22"]

1. Nf3 Nf6 2. g3 g6 3. Bg2 Bg7 4. O-O O-O 5. d4 d5 6. c4 c6 7. cxd5 cxd5 8. Ne5
Nc6 9. Nxc6 bxc6 10. Nc3 Re8 11. Bf4 Nh5 12. Be3 e5 13. dxe5 Bxe5 14. Bd4 Qf6
15. Bxe5 Qxe5 16. e3 Rb8 17. Qd2 Nf6 18. b3 Bf5 19. Rac1 Rbc8 20. Rfd1 Bg4 21.
Re1 Ne4 22. Nxe4 dxe4 23. h3 Red8 24. Qc3 Qxc3 25. Rxc3 Be6 26. Bxe4 Bxh3 27.
Re2 Bg4 28. Rec2 Bd1 29. Rc1 Rd2 30. Rxc6 Rcd8 31. Rc8 Rxc8 32. Rxc8+ Kg7 33.
Rc7 a6 34. Kg2 Kh6 35. Rxf7 Rxa2 36. Bd5 Rd2 37. Bc4 Bc2 38. g4 g5 1-0

[Event "Porta- Herford"]
[Site "?"]
[Date "2022.09.18"]
[Round "1.5"]
[White "Klemme, Thomas"]
[Black "Ringe, Christian"]
[Result "1/2-1/2"]
[WhiteElo "1991"]
[BlackElo "1856"]
[PlyCount "40"]
[SourceVersionDate "2023.06.22"]

1. b3 d5 2. Bb2 c5 3. e3 e6 4. f4 Nf6 5. Nf3 Be7 6. Be2 Nc6 7. O-O O-O 8. Qe1
d4 9. a3 Qb6 10. exd4 Nxd4 11. Nxd4 cxd4 12. Kh1 a5 13. d3 Nd5 14. Nd2 Bf6 15.
Qg3 Qd8 16. Rac1 Ne3 17. Rg1 Bh4 18. Qf3 f5 19. h3 Bf6 20. Nc4 Nd5 1/2-1/2

[Event "Kirchlengern- Bielefeld 2"]
[Site "?"]
[Date "2022.09.18"]
[Round "1.1"]
[White "Pollmueller, Michael"]
[Black "Gulatz, Maurice"]
[Result "0-1"]
[WhiteElo "2146"]
[BlackElo "2204"]
[PlyCount "128"]
[SourceVersionDate "2023.06.22"]

1. d4 d5 2. c4 e6 3. Nf3 Nf6 4. g3 Bb4+ 5. Bd2 Be7 6. Bg2 O-O 7. O-O c6 8. Qc2
Nbd7 9. Bf4 b6 10. Rd1 Ba6 11. Nbd2 Rc8 12. Ne5 Bb7 13. Qa4 a6 14. Nxd7 Nxd7
15. e4 c5 16. exd5 exd5 17. dxc5 Nxc5 18. Qc2 Ne6 19. Be3 Qc7 20. Qf5 dxc4 21.
Bxb7 Qxb7 22. h4 Rfd8 23. Qg4 b5 24. h5 Rd3 25. Nf3 Rcd8 26. Rxd3 cxd3 27. Qf5
g6 28. hxg6 hxg6 29. Qg4 Bf6 30. Rd1 Qd5 31. b3 Qc6 32. Nh4 Bxh4 33. gxh4 Rd5
34. Kh2 d2 35. Qg2 Qd6+ 36. Qg3 Qb4 37. Kg2 Qe4+ 38. Qf3 Qxh4 39. Qxd5 Qg4+ 40.
Kh2 Qxd1 41. Qxd2 Qxd2 42. Bxd2 g5 43. Kg2 Kg7 44. Kf3 f5 45. Ke3 Kf6 46. Bc3+
Ke7 47. f3 Kd6 48. Bb4+ Kd5 49. Be7 Ke5 50. Ba3 f4+ 51. Kd3 Kf5 52. Bd6 g4 53.
fxg4+ Kxg4 54. a4 f3 55. axb5 axb5 56. Ke3 Nd4 57. Bc7 Nxb3 58. Kf2 Nd4 59. Bb6
Nc2 60. Bd8 Kf4 61. Bf6 Ke4 62. Bc3 b4 63. Bd2 b3 64. Bc3 Na3 0-1

[Event "Kirchlengern- Bielefeld 2"]
[Site "?"]
[Date "2022.09.18"]
[Round "1.2"]
[White "Braun, Peter"]
[Black "Winkler, Yonathan"]
[Result "0-1"]
[WhiteElo "1927"]
[BlackElo "1806"]
[PlyCount "52"]
[SourceVersionDate "2023.06.22"]

1. d4 d5 2. Nc3 Nf6 3. Bf4 Bf5 4. e3 e6 5. Nf3 Bd6 6. Ne5 O-O 7. g4 Bg6 8. h4
h6 9. Nxg6 fxg6 10. Bd3 Bxf4 11. exf4 Qd6 12. Qd2 Nxg4 13. f3 Nf6 14. Bxg6 Nfd7
15. Ne2 e5 16. f5 exd4 17. O-O-O c5 18. Rdg1 Ne5 19. Rh3 Nc4 20. Qf4 Qf6 21. b3
d3 22. bxc4 dxe2 23. Rhg3 Qc3 24. Qc7 e1=Q+ 25. Rxe1 Qxe1+ 26. Kb2 Nd7 0-1

[Event "Kirchlengern- Bielefeld 2"]
[Site "?"]
[Date "2022.09.18"]
[Round "1.3"]
[White "Koehler, Justus"]
[Black "Ott, Mathias"]
[Result "1-0"]
[WhiteElo "1944"]
[BlackElo "1979"]
[PlyCount "77"]
[SourceVersionDate "2023.06.22"]

1. e4 e6 2. d4 d5 3. Nc3 Bb4 4. e5 c5 5. Bd2 Ne7 6. Nb5 Bxd2+ 7. Qxd2 O-O 8. f4
Bd7 9. dxc5 Bxb5 10. Bxb5 Qc7 11. Nf3 Qxc5 12. Bd3 Nbc6 13. O-O-O Rfc8 14. Kb1
a5 15. g4 a4 16. f5 a3 17. b3 exf5 18. gxf5 Nxe5 19. Nxe5 Qd4 20. c4 Qxe5 21.
f6 Qxf6 22. Rhf1 Qd6 23. cxd5 Ng6 24. h4 Ne5 25. Be4 Rc7 26. Qd4 f6 27. Bf5 g6
28. Be6+ Kg7 29. h5 Qc5 30. h6+ Kf8 31. Rxf6+ Ke7 32. d6+ Kxf6 33. dxc7 Qxc7
34. Bc4 g5 35. Qe4 Qc5 36. Qxh7 Nxc4 37. Rf1+ Ke6 38. Qf7+ Kd6 39. Rf6+ 1-0

[Event "Kirchlengern- Bielefeld 2"]
[Site "?"]
[Date "2022.09.18"]
[Round "1.4"]
[White "Knollmann, Benjamin"]
[Black "Schnitker, Rainer"]
[Result "1-0"]
[WhiteElo "1863"]
[BlackElo "2035"]
[PlyCount "41"]
[SourceVersionDate "2023.06.22"]

1. d4 g6 2. Nf3 Bg7 3. Nc3 d6 4. e4 Bg4 5. Be3 Nf6 6. h3 Bxf3 7. Qxf3 Nbd7 8.
Rd1 e5 9. Bc4 O-O 10. O-O c6 11. Bb3 Qe7 12. dxe5 dxe5 13. Bg5 Nc5 14. Rd2 Rfd8
15. Rfd1 Rxd2 16. Rxd2 h6 17. Be3 b5 18. Bxc5 Qxc5 19. Qg3 Kf8 20. Qf3 Rc8 21.
Rd7 1-0

[Event "Kirchlengern- Bielefeld 2"]
[Site "?"]
[Date "2022.09.18"]
[Round "1.5"]
[White "Velasco, Eduardo"]
[Black "Dilger, Tim"]
[Result "0-1"]
[WhiteElo "1896"]
[BlackElo "1855"]
[PlyCount "94"]
[SourceVersionDate "2023.06.22"]

1. e4 e5 2. Nf3 Nc6 3. Bc4 Bc5 4. c3 Nf6 5. d3 d5 6. exd5 Nxd5 7. O-O O-O 8. b4
Be7 9. Re1 Bf6 10. Bb2 Re8 11. Qb3 Be6 12. Nbd2 a5 13. a3 a4 14. Qc2 Nf4 15.
Rad1 Bg4 16. h3 Bh5 17. Kh2 Qd7 18. Re3 Ne7 19. Ree1 Neg6 20. Rg1 b5 21. Ba2
Qxd3 22. Bb1 Qe2 23. Rgf1 Nxg2 24. Kxg2 e4 25. Ng1 Nf4+ 26. Kh1 Qd3 27. Qxd3
exd3 28. Rde1 Be2 29. Nxe2 dxe2 30. Rg1 Nxh3 31. Rg2 Ng5 32. f4 Nh3 33. Rgxe2
Rxe2 34. Rxe2 Nxf4 35. Rf2 Rd8 36. Be4 Bg5 37. Nf3 Rd1+ 38. Kh2 Bf6 39. Nd4 Be5
40. Nf3 Nd3+ 41. Kg2 Nxf2 42. Kxf2 Bf6 43. Ke2 Rh1 44. Kd3 Rh3 45. Bc1 g5 46.
Ke2 g4 47. Nd4 Rxc3 0-1

[Event "Kirchlengern- Bielefeld 2"]
[Site "?"]
[Date "2022.09.18"]
[Round "1.8"]
[White "Taubert, Tobias"]
[Black "Burg, Michael"]
[Result "0-1"]
[WhiteElo "1857"]
[BlackElo "1944"]
[PlyCount "110"]
[SourceVersionDate "2023.06.22"]

1. d4 d5 2. Nf3 Nf6 3. c4 c6 4. Nc3 dxc4 5. a4 Bf5 6. Bg5 Nbd7 7. e3 Ne4 8.
Nxe4 Bxe4 9. Bxc4 Bxf3 10. Bxf7+ Kxf7 11. Qxf3+ Nf6 12. O-O Qd5 13. Qf4 h6 14.
Bxf6 gxf6 15. Qc7 Rg8 16. g3 Bg7 17. Qxb7 Rgb8 18. Qc7 Rxb2 19. Rac1 Rb6 20. a5
Qxa5 21. Rxc6 Rab8 22. Rc5 Qa4 23. Rc4 Rb4 24. Rc5 R4b7 25. Qf4 Rb1 26. Qf5
Rxf1+ 27. Kxf1 Qa6+ 28. Kg2 Qe6 29. Qh5+ Kg8 30. Qg6 Rc8 31. Ra5 Qb6 32. Rh5
Kf8 33. d5 e6 34. Qd3 e5 35. e4 a5 36. Rf5 Qd4 37. Qa3+ Qb4 38. Qf3 Ke7 39. Qg4
Kf8 40. Qf3 Qd6 41. h4 a4 42. g4 Kg8 43. g5 fxg5 44. hxg5 Rf8 45. Rxf8+ Qxf8
46. Qg4 hxg5 47. Qxg5 Qf6 48. Qc1 Bf8 49. Qc4 a3 50. d6+ Kh8 51. d7 Qg7+ 52.
Kf1 Qxd7 53. Qe2 Qf7 54. f3 Qf4 55. Qg2 Qc1+ 0-1

[Event "Nienberge- Steinfurt"]
[Site "?"]
[Date "2022.09.18"]
[Round "1.1"]
[White "Rieke, Theo"]
[Black "Mikeladze, Berdia"]
[Result "0-1"]
[WhiteElo "1974"]
[BlackElo "2127"]
[PlyCount "64"]
[SourceVersionDate "2023.06.22"]

1. Nf3 d5 2. d4 c5 3. c3 Nc6 4. e3 Bg4 5. Nbd2 e6 6. Qa4 Bxf3 7. Nxf3 Bd6 8.
Be2 Nf6 9. O-O O-O 10. dxc5 Bxc5 11. b4 Bd6 12. Bb2 a6 13. b5 Ne5 14. bxa6
Nxf3+ 15. gxf3 Qc7 16. Qh4 bxa6 17. Rac1 Qa5 18. c4 Be7 19. Bc3 Qa3 20. Bd3 h6
21. cxd5 Nxd5 22. Qe4 g6 23. Ba1 Bf6 24. Bxf6 Nxf6 25. Qc4 Rfc8 26. Qxc8+ Rxc8
27. Rxc8+ Kg7 28. Bc4 h5 29. Rb1 Nd7 30. Bxe6 Ne5 31. Bd5 Qd3 32. Be4 Nxf3+ 0-1

[Event "Nienberge- Steinfurt"]
[Site "?"]
[Date "2022.09.18"]
[Round "1.2"]
[White "Remmeke, Hans"]
[Black "Arning, Marcus"]
[Result "1-0"]
[WhiteElo "2082"]
[BlackElo "2005"]
[PlyCount "69"]
[SourceVersionDate "2023.06.22"]

1. d4 d5 2. Nf3 Bg4 3. c4 Bxf3 4. gxf3 e6 5. cxd5 exd5 6. Qb3 Nc6 7. e3 Bb4+ 8.
Nc3 Nge7 9. Bd2 O-O 10. O-O-O Qd6 11. Bd3 Kh8 12. Kb1 Bxc3 13. Bxc3 a5 14. Ka1
Rfb8 15. Bb1 b5 16. Bd2 a4 17. Qd3 g6 18. Qe2 b4 19. Bd3 Na5 20. Kb1 Ra7 21.
Rc1 Nb3 22. axb3 axb3 23. Rc5 Rba8 24. Kc1 Ra1+ 25. Bb1 Qb6 26. Qd3 R8a2 27.
Qxb3 Qa6 28. Kc2 Nc6 29. Bxa2 Rxh1 30. Qxd5 Qe2 31. Qxc6 Qd1+ 32. Kd3 Qf1+ 33.
Ke4 Rxh2 34. Qf6+ Kg8 35. Qxf7+ 1-0